MARC

LEADER 00000nas a2200000 a 4500
001 ssj0000783446
003 WaSeSS
005 20200512172242.0
006 m d
007 cr n
008 120401c20129999enktr p s 0 0eng c
010 |a  2012263097 
015 |a GBB404760  |2 bnb 
016 7 |a 2656277-7  |2 DE-600 
016 7 |a 015646480  |2 Uk 
022 |a 2045-3825 
035 |a (WaSeSS)ssj0000783446 
037 |b Cambridge University Press, UPH, Shaftesbury Road, Cambridge, CB2 8BS, United Kingdom 
040 |a Nz  |b eng  |c UV0  |d TXA  |d OCLCQ  |d OCLCO  |d OCLCQ  |d NLE  |d OCLCF  |d AU@  |d UKMGB  |d WaSeSS 
042 |a pcc 
050 1 4 |a K7  |b .L563 
245 0 0 |a Global constitutionalism  |h [electronic resource]. 
246 1 |a Glob-Con 
260 |a Cambridge :  |b Cambridge University Press,  |c ©2012- 
310 |a Three issues a year 
362 1 |a Began with: Vol. 1, no. 1 (Mar. 2012). 
500 |a Human rights, democracy and the rule of law. 
506 |a License restrictions may limit access. 
538 |a Mode of access: World Wide Web. 
588 |a Description based on: Vol. 1, no. 1 (Mar. 2012); title from cover image (Cambridge University Press Web Site, viewed Apr. 2, 2012). 
588 |a Latest issue consulted: Vol. 1, no. 2 (July 2012) (Cambridge University Press Web Site, viewed June 14, 2012). 
650 0 |a Constitutional law  |v Periodicals. 
650 0 |a International law  |v Periodicals. 
650 0 |a Human rights  |v Periodicals. 
650 0 |a Democracy  |x Law and legislation  |v Periodicals. 
650 7 |a Constitutional law.  |2 fast  |0 (OCoLC)fst00875797 
650 7 |a Human rights.  |2 fast  |0 (OCoLC)fst00963285 
650 7 |a International law.  |2 fast  |0 (OCoLC)fst00976984 
655 0 |a Electronic journals. 
776 0 8 |i Print version:  |t Global constitutionalism  |x 2045-3817  |w (OCoLC)795178813 
856 4 0 |z Full text available from Research Library: 03/01/2012 to 1 year ago  |u https://search.proquest.com/publication/1586352